00901nam a22002537a 45000010005000000030006000050050017000110080041000280200018000690400029000870500014001160820008001301000024001382450111001622600043002733000043003164900045003595050008004045200113004125210020005255210020005456500048005657000034006137455FISKH20250716113652.0250716b cb ||||| |||| 00| 0 eng d a9780471535737 aFISKHbengcFISKHdFISKH aQB46 .V36 a520 aVanCleave, Janice  aJanice VanCleave's astronomy for every kid :b101 easy experiments that really work /cBy Janice VanCleave aSan Francisco :bJossey-Bass , c1991. a229 pages :billustrations ;c23 cm .  aJanice VanCleave's Science for Every Kid aZ  aAn elementary science experiment book that provides young scientists with safe, workable astronomy projects.8 a920 bLexile 8 aZ bRaz-Plus  aAstronomy-Experiments vJuvenile Literature aClark, Barbara eIllustrator